General Knowledge Quiz - Statistics

General Stats
  • This quiz has been taken 4 times
  • The average score is 6 of 20
Answer Stats
Hint Answer % Correct
Who is generally considered to be the UK's first prime minister? Robert Walpole
75%
Which city was known as Aquae Sulis by the Romans? Bath
50%
Who scored the Game of Thrones Series? Ramin Djawadi
50%
When were Manchester City founded? 1880
25%
Which nation won the women's individual triathalon in the 2020 Tokyo Olympics? Bermuda
25%
Who did the winner of the first Ballon d'Or play for when he won it? Blackpool
25%
Who sang B-A-B-Y which was a song feature in Baby Driver Carla Thomas
25%
Who featured on the 2003 song Be Faithful by Fatman Scoop? Crooklyn Clan
25%
Who is the main character in Fahrenheit 451? Guy Montag
25%
What symbol symbolises the 3rd tone in Mandarin? Hatchek
25%
The Qu'ran is split into 30 sections known as what? Juz
25%
A brick-red colour is known by which 11 letter word? Lateritious
25%
What was the previous name of Paris? Lutetia
25%
What cells are platelets immediately derived from? Megakaryocytes
25%
Palikir is the capital of which country? Micronesia
25%
What is a blob/dab of toothpaste known as? Nurdle
25%
What is another name for the Hebrew Bible? Tanakh
25%
What activates fibrin in the clotting cascade? Thrombin
25%
What is the dot on an i known as? Tittle
25%
What fictional planet did General Grievous Die on? Utapau
25%
No matching quizzes found
Score Distribution
Percent of People with Each Score
Percentile by Number Answered
Your Score History
You have not taken this quiz